Slavic Geography by Letter - B - Statistics

General Stats
  • This quiz has been taken 725 times
  • The average score is 8 of 11
Answer Stats
Hint Answer % Correct
______ and Herzegovina Bosnia
100%
Its capital is Sofia Bulgaria
97%
Capital of Serbia Belgrade
94%
Capital of Slovakia Bratislava
90%
Big peninsula in Southern Europe Balkans
88%
Sea of Poland Baltic Sea
88%
East Slavic country Belarus
87%
Largest historical region of Czech Republic Bohemia
77%
It separates Asia and America Bering Strait
69%
River at the border of Poland and Ukraine Bug
19%
Largest Dalmatian island Brač
18%
No matching quizzes found
Score Distribution
Percent of People with Each Score
Percentile by Number Answered
Your Score History
You have not taken this quiz